Loading...
Fine Arts - Classical Music | 0 | 10 | 0 | 1 | 100 | 50 | 84.30 | 5 | 10 |
Literature - World Literature | 0 | 5 | 0 | 0 | 50 | 39 | 88.60 | 2 | 4 |
Philosophy | 0 | 5 | 1 | 0 | 45 | 51 | 80.00 | 4 | 5 |
Science - Other Science | 0 | 4 | 0 | 0 | 40 | 67 | 82.25 | 2 | 4 |
Science - Physics | 0 | 3 | 0 | 0 | 30 | 48 | 62.67 | 0 | 3 |
Fine Arts - Painting & Sculpture | 0 | 3 | 0 | 1 | 30 | 73 | 103.33 | 1 | 3 |
History - Other History | 0 | 3 | 0 | 0 | 30 | 58 | 74.00 | 2 | 3 |
Other | 0 | 3 | 1 | 0 | 25 | 46 | 90.33 | 1 | 1 |
Religion | 0 | 2 | 0 | 0 | 20 | 97 | 111.50 | 1 | 2 |
History - European History | 0 | 2 | 0 | 0 | 20 | 112 | 122.00 | 0 | 1 |
Mythology | 0 | 2 | 1 | 0 | 15 | 109 | 115.50 | 0 | 2 |
Literature - British Literature | 0 | 1 | 0 | 0 | 10 | 81 | 81.00 | 1 | 1 |
Fine Arts - Other Fine Arts | 0 | 1 | 1 | 0 | 5 | 60 | 60.00 | 1 | 1 |
Literature - European Literature | 0 | 1 | 1 | 0 | 5 | 120 | 120.00 | 0 | 0 |
Literature - American Literature | 0 | 1 | 1 | 0 | 5 | 40 | 40.00 | 1 | 1 |
Social Science | 0 | 1 | 1 | 0 | 5 | 66 | 66.00 | 0 | 1 |